000 00392cam a2200145ua 4500
041 _aeng
_h
082 _a828.09
_bTHO/MI
100 _aThorpe, James .
245 _aMilton criticism: Selections from four centuries /
_cJames Thorpe.
_hTextual Documents
260 _aLondon :
_bRoutledge & Kegan Paul Ltd ,
_c1962.
300 _a381 ; .
504 _a
942 _cBK
999 _c2429
_d2429